000
00313nam a22001337a 4500
003
OSt
005
20231127225042.0
008
231127b |||||||| |||| 00| 0 eng d
040
_c
CO-JMCR
082
_a
C /
_b
ZULg
100
_a
Zullo Germano
_e
autor
_9
42983
245
_a
Dadà /
_c
Germano Zullo
942
_2
ddc
_c
BK
999
_c
30395
_d
16779